| 000 | 00819nam a2200217 4500 | ||
|---|---|---|---|
| 001 | 131745 | ||
| 003 | ES-MaACL | ||
| 005 | 20230906194035.0 | ||
| 007 | t| | ||
| 008 | 070214q1955 sp r ||||1| spa d | ||
| 100 | 1 |
_aRöpke, Wilhelm ( _d1899-1966) _999542 |
|
| 245 | 1 | 0 |
_aCivitas humana : _bcuestiones fundamentales en la reforma de la sociedad y de la economía / _cWilhelm Roepke ; [traducción directa de la 3ª edición suiza (1949), por Tomás Muñoz]. |
| 260 |
_aMadrid : _bRevista de Occidente, _c[1955?] |
||
| 300 |
_aXXII, 297 p. ; _c22 cm. |
||
| 490 | 1 |
_aBiblioteca de la ciencia económica ; _v12 |
|
| 650 | 0 | 0 |
_aEconomía- _yS.XX. _912017 |
| 700 | 1 |
_aMuñoz, Tomás. _984341 |
|
| 830 | 1 |
_aBiblioteca de la ciencia económica ; _v12 _9182033 |
|
| 852 |
_aES-MaACL _jC-10974 |
||
| 999 |
_c131745 _d131745 |
||